[Event "EU-ch 5th"]
[Site "Antalya"]
[Date "2004.05.25"]
[Round "10"]
[White "Miroshnichenko, Evgenij"]
[Black "Krasenkow, Michal"]
[Result "1-0"]
[WhiteElo "2599"]
[BlackElo "2609"]
[Annotator "Ftacnik,Lubomir"]
[PlyCount "47"]
[EventDate "2004.05.15"]
[EventType "swiss"]
[EventRounds "13"]
[EventCountry "TUR"]
[SourceTitle "CBM 101"]
[Source "ChessBase"]
[SourceDate "2004.07.27"]
[SourceVersion "1"]
[SourceVersionDate "2004.07.27"]
[SourceQuality "1"]

1. Nf3 c5 2. g3 Nc6 3. Bg2 g6 4. O-O Bg7 5. d3 Nf6 6. c3 O-O 7. a3 e5 $146 ({RR} 7... Ne8 8. Nbd2 Rb8 9. e4 b6 10. Nh4 e5 11. b4 cxb4 12. axb4 Nc7 13. Nb3 Ne6 14. d4 exd4 15. cxd4 Nexd4 16. Nxd4 Bxd4 17. Ra3 Qe7 18. Nf3 Bg7 19. Bf4 Qxb4 20. Bd6 Qb2 21. Rb3 Qa2 22. Ra3 {Bilek,I-Bertok,M Berg en Dal 1960 ½-½}) ({RR} 7... d6 8. Nbd2 Bd7 9. Rb1 Re8 10. b4 Nd5 11. Bb2 Nxc3 12. Bxc3 Bxc3 13. bxc5 dxc5 14. Rxb7 Na5 15. Rb1 Bg7 16. Qc2 Rc8 17. Nc4 Nxc4 18. Qxc4 Be6 19. Qa4 Rc7 20. Nd2 Rf8 21. Nc4 Bg4 22. Qc2 {Kozul,Z (2613)-Mamedov,R (2688) Tallinn 2016 ½-½ (76)}) ({RR} 7... d6 8. b4 Nd7 9. Ra2 Qc7 10. e4 a5 11. b5 Nce5 12. Ne1 Nb6 13. f4 Ned7 14. c4 f5 15. exf5 gxf5 16. Re2 Nf6 17. Nf3 e6 18. Rfe1 Bd7 19. Bb2 h6 20. Nbd2 Rae8 21. a4 Nc8 22. Qa1 {Shoker,S (2473)-Rodgers,J (2043) Melbourne AUS 2024 1-0 (41)}) ({RR} 7... a5 8. a4 d5 9. Na3 e5 10. e4 h6 11. exd5 Nxd5 12. Re1 Be6 13. Nc4 Qc7 14. Qe2 Rfe8 15. Bd2 Bf5 16. Nh4 Be6 17. Nf3 Bf5 18. Nh4 Be6 19. Nf3 Bf5 {½-½ (19) Miroshnichenko,E (2606)-Shimanov,A (2620) Saint Louis 2018}) ({RR} 7... a6 8. b4 d6 9. Bb2 Qc7 10. bxc5 dxc5 11. c4 b6 12. Nbd2 Bb7 13. Rb1 Rab8 14. Bc3 e5 15. e3 Rfd8 16. Qc2 Ba8 17. Rfc1 Qd6 18. Ne1 b5 19. cxb5 axb5 20. a4 b4 21. Ba1 Bf8 22. Nc4 {Csom,I-Tompa,J Kecskemet 1975 ½-½ (41)}) 8. b4 e4 9. dxe4 Nxe4 10. Qd5 $5 {A risky move, that breaks the balance on the board. White will get an unpleasant compensation for the sacrificed material.} (10. bxc5 Nxc5 11. Bg5 Qa5 $11) 10... Nxc3 (10... Qe7 11. bxc5 $14) 11. Nxc3 Bxc3 12. Bg5 Qe8 (12... Bf6 13. bxc5 $16) (12... Qb6 13. bxc5 $16) 13. Qxc5 (13. b5 Bxa1 14. Rxa1 Ne7 15. Qxc5 Nf5 $15) (13. Rac1 $5 cxb4 14. axb4 Bxb4 15. Bh6 Qe6 16. Qb5 $13) 13... Bxa1 14. Rxa1 Qe6 (14... f6 15. Be3 (15. Bh6 Rf7 16. b5 Ne7 17. Nd4 d5 $15) 15... Rf7 16. Rd1 $44) 15. Rd1 {Miroshnichenko would not like to see freeing of black forces with the advance of the d pawn.} (15. b5 d6 16. Qc3 Ne5 17. Nd4 $44) 15... Re8 (15... Qxe2 $6 16. Re1 Qb2 17. Qd6 $1 (17. b5 d6 18. Qxd6 Na5 19. Bh6 (19. Qxf8+ Kxf8 20. Bh6+ Qg7 21. Bxg7+ Kxg7 22. Nd4 $14) 19... Be6 20. Qc7 b6 21. Bxf8 Rxf8 22. a4 Bb3 $14) 17... b5 (17... Qg7 18. Qd2 f5 19. Bh6 Qf6 20. Qd5+ Kh8 21. Ng5 $18) 18. Nd2 Qc3 19. Bh6 Bb7 20. Qxd7 $16) 16. Rd6 (16. b5 Ne5 (16... Qb3 17. Rd6 b6 18. Qc1 $1 Qxb5 19. Bf6 $18) 17. Rd5 Nxf3+ 18. Bxf3 Qb6 $11) 16... Qxe2 17. Bf6 Re6 (17... a5 18. Qc1 Re6 19. Qh6 Rxf6 20. Rxf6 Qd1+ 21. Bf1 Qa1 22. Qf4 $13) 18. b5 Rxd6 $2 {Seemingly logical exchange of pieces, but unfortunatelly it fails tactically.} (18... b6 $1 19. Rxe6 Qxe6 20. Qc3 Bb7 21. Bh8 f6 22. bxc6 Qxc6 23. Bxf6 Rf8 $14) 19. Qxd6 Qxb5 (19... Nb8 20. Ne5 Qe1+ 21. Bf1 $18) 20. Ng5 $1 Qb1+ (20... h6 $2 21. Nh7 $1 Kxh7 22. Qf8 $18) (20... Qf5 21. Bd5 $18) 21. Bf1 Qe1 22. Nxh7 $1 {[%mdl 128] Krasenkow is lost, since his king will not get out of problems.} Qe8 (22... Kxh7 23. Qf8 $18) 23. Qf4 Ne7 (23... Kxh7 24. Qh4+ Kg8 25. Qh8#) 24. Bc3 $1 (24. Bc3 $1 Qd8 (24... Nf5 25. Nf6+ Kf8 26. Nxe8 Kxe8 27. Qe5+ $18) 25. Qf6 Nf5 26. Qh8#) 1-0

[Event "BIH-chT"]
[Site "Neum"]
[Date "2004.06.01"]
[Round "4.2"]
[White "Nikolic, Predrag"]
[Black "Kosic, Dragan"]
[Result "1-0"]
[WhiteElo "2648"]
[BlackElo "2501"]
[PlyCount "91"]
[EventDate "2004.05.29"]
[EventType "team"]
[EventRounds "9"]
[EventCountry "BIH"]
[SourceTitle "CBM 102"]
[Source "ChessBase"]
[SourceDate "2004.09.23"]
[SourceVersion "1"]
[SourceVersionDate "2004.09.23"]
[SourceQuality "1"]
[WhiteTeam "Kiseljak"]
[BlackTeam "Sarajevo Napredak"]
[WhiteTeamCountry "BIH"]
[BlackTeamCountry "BIH"]

1. Nf3 Nf6 2. g3 d5 3. Bg2 c6 4. O-O Bf5 5. d3 h6 6. c4 dxc4 7. dxc4 Qxd1 8. Rxd1 Bc2 ({RR} 8... Nbd7 9. Nc3 e5 10. Nd2 Bc2 11. Rf1 Bb4 12. Nde4 Nxe4 13. Nxe4 a5 14. Be3 Bxe4 15. Bxe4 Bc5 16. Bd2 Ke7 17. Rfd1 Rhd8 18. Kf1 Nb6 19. b3 Nd7 20. Bc3 Ba3 21. Bf5 f6 22. e3 Nc5 23. Ke2 {Roiz,M (2611)-Anand,V (2779) Rishon Le Ziyyon 2006 ½-½ (34)}) ({RR} 8... Nbd7 9. b4 e5 10. b5 O-O-O 11. bxc6 bxc6 12. Bb2 Bc5 13. Nbd2 Bc2 14. Rdc1 Bh7 15. Nb3 Bb6 16. Bh3 Kb7 17. Nxe5 Nxe5 18. Bxe5 Ne4 19. c5 Bc7 20. Bxc7 Kxc7 21. Rc4 Rhe8 22. Bg2 Nd2 23. Ra4 {Nikolic,P (2592)-Rijnaarts,S (2264) Leiden 2010 1-0 (32)}) 9. Rd2 Bh7 10. b4 ({RR} 10. Nc3 Nbd7 11. b3 e5 12. Bb2 Bb4 13. a3 Bxc3 14. Bxc3 Ne4 15. Rd3 Nxc3 16. Rxc3 a5 17. Nxe5 Nxe5 18. Re3 f6 19. f4 O-O-O 20. fxe5 Rhe8 21. e6 Bf5 22. e7 Rd7 23. Rf1 Bg4 24. Rf4 Bh5 {Aranda,J (2135)-Hambleton,A (2420) chess.com INT 2024 1-0 (37)}) 10... Ne4 $146 ({RR} 10... e6 11. Rb2 g5 12. Be3 Bg7 13. Bd4 O-O 14. Nbd2 g4 15. Ne1 Rd8 16. Nb3 Nbd7 17. Na5 Nb6 18. Be5 Rd7 19. c5 Na4 20. Rb3 Ne4 21. Bxg7 Kxg7 22. Rd3 Rc7 23. Rc1 b6 24. Nb3 Rb8 25. f3 {Laznicka,V (2658)-Movsesian,S (2649) Pardubice 2019 ½-½}) 11. Rd1 Nd7 12. b5 cxb5 13. cxb5 e6 14. Nfd2 Ndf6 15. Nxe4 Bxe4 16. Bb2 Bxg2 17. Kxg2 Be7 18. Nd2 Rc8 19. Rac1 O-O 20. Nc4 a6 21. bxa6 bxa6 22. Na5 Rxc1 23. Rxc1 Rb8 24. Be5 Rb5 25. Rc8+ Kh7 26. Nc6 Ng4 27. Bd4 e5 28. a4 Rd5 29. Bb6 Ba3 30. Nb8 a5 31. Rd8 Rxd8 32. Bxd8 Bc5 33. e3 Bxe3 34. fxe3 Nxe3+ 35. Kf3 Nc4 36. Nd7 f5 37. Nb6 Nd2+ 38. Ke3 Nb3 39. Nc4 Nc5 40. Nxe5 Nxa4 41. Kd4 Nb2 42. Bxa5 g5 43. Kd5 Nd1 44. Bb6 h5 45. Bd4 Kh6 46. Ke6 1-0

[Event "EU-ch playoff 5th"]
[Site "Antalya"]
[Date "2004.05.30"]
[Round "4"]
[White "Miroshnichenko, Evgenij"]
[Black "Navara, David"]
[Result "1-0"]
[WhiteElo "2599"]
[BlackElo "2602"]
[PlyCount "43"]
[EventDate "2004.05.30"]
[EventType "match (rapid)"]
[EventRounds "4"]
[EventCountry "TUR"]
[SourceTitle "EXT 2005"]
[Source "ChessBase"]
[SourceDate "2004.11.15"]
[SourceVersion "1"]
[SourceVersionDate "2004.11.15"]
[SourceQuality "1"]

1. e4 c5 2. Nf3 e6 3. d3 Nc6 4. g3 Nge7 5. Bg2 g6 6. O-O Bg7 7. Re1 d6 8. c3 e5 9. a3 O-O 10. b4 b6 ({RR} 10... Be6 11. b5 Nb8 12. c4 h6 13. Nc3 Nd7 14. Nd5 a6 15. Rb1 axb5 16. Rxb5 b6 17. Qb3 Ra6 18. Bd2 Nc6 19. Rb1 Na7 20. Bc3 Nxb5 21. cxb5 Bxd5 22. exd5 c4 23. Qxc4 Rxa3 24. Bb4 Ra4 25. Qb3 {Carlsen,M (2832)-Grischuk,A (2750) Chess.com INT 2017 ½-½ (39)}) ({RR} 10... cxb4 11. axb4 b5 12. Na3 Rb8 13. d4 exd4 14. Nxd4 a6 15. Nac2 a5 16. Bg5 f6 17. Be3 axb4 18. Nxc6 Nxc6 19. Qd5+ {1-0 (19) Makarian,R (2525)-Gleizerov,E (2378) Yekaterinburg RUS 2024}) ({RR} 10... Qc7 11. Bb2 b6 12. Nbd2 Bb7 13. Qb3 Kh8 14. d4 cxd4 15. cxd4 Nxd4 16. Nxd4 exd4 17. Rac1 Qd7 18. Nf3 d5 19. Bxd4 dxe4 20. Bxg7+ Kxg7 21. Qb2+ f6 22. Ng5 Rac8 23. Rcd1 Qg4 24. h4 Kh6 25. Bh3 {Damljanovic,B (2589)-Navara,D (2607) Plovdiv 2003 1-0}) 11. Nbd2 h6 12. Bb2 Be6 13. Rc1 $146 ({RR} 13. Rb1 Rc8 14. d4 exd4 15. cxd4 cxd4 16. Nb3 Ne5 17. Nbxd4 Bc4 18. Nxe5 dxe5 19. Nf3 Nc6 20. Bf1 b5 21. Bxc4 bxc4 22. Qd5 Nd4 23. Bxd4 exd4 24. Qxd8 Rfxd8 25. e5 d3 26. b5 c3 27. a4 h5 {Zimina,O (2263)-Purtov,A (2450) St Petersburg 2000 0-1 (32)}) ({RR} 13. Nb3 Rc8 14. b5 Nb8 15. Nfd2 a6 16. a4 a5 17. Nc4 Qc7 18. Nbd2 Nd7 19. Rc1 Qb8 20. Ne3 f5 21. Bh3 d5 22. c4 d4 23. Nd5 Qd6 24. f4 Rce8 25. Rc2 exf4 26. gxf4 Bxd5 27. cxd5 Qxf4 {Rajkovic,D (2490)-Ostermeyer,P (2460) Gausdal 1984 0-1 (33)}) 13... Qd7 14. Nb3 f5 15. exf5 Nxf5 16. d4 c4 17. d5 cxb3 18. dxe6 Qxe6 19. Nxe5 Nxe5 20. Bd5 Rae8 21. Bxe6+ Rxe6 22. f4 1-0

[Event "FIDE-Wch k.o."]
[Site "Tripoli"]
[Date "2004.06.19"]
[Round "1.1"]
[White "Kozul, Zdenko"]
[Black "Dao, Thien Hai"]
[Result "1-0"]
[WhiteElo "2627"]
[BlackElo "2583"]
[PlyCount "125"]
[EventDate "2004.06.19"]
[EventType "k.o."]
[EventRounds "7"]
[EventCountry "LBY"]
[SourceTitle "CBM 102"]
[Source "ChessBase"]
[SourceDate "2004.09.23"]
[SourceVersion "1"]
[SourceVersionDate "2004.09.23"]
[SourceQuality "1"]

1. Nf3 d5 2. g3 Bg4 3. Bg2 Nd7 4. O-O Ngf6 5. d3 e6 6. Qe1 Bc5 7. e4 dxe4 8. dxe4 e5 9. Nbd2 O-O 10. h3 Bh5 11. Nc4 Re8 12. a4 Qe7 $146 ({RR} 12... a6 13. b4 Bf8 14. Bb2 Bxf3 15. Bxf3 Qe7 16. g4 h6 17. Bc3 Nh7 18. Bg2 g6 19. Qc1 Qe6 20. Ne3 Ndf6 21. Nd5 Rac8 22. f4 Nxd5 23. exd5 Qb6+ 24. Kh1 e4 25. a5 Qd6 26. Qd2 Bg7 27. Bxg7 {Nevednichy,V (2518)-Fayard,A (2184) Bucharest 2019 1-0 (40)}) 13. b3 Qe6 14. Kh2 a6 15. a5 Qc6 16. Nh4 b5 17. axb6 cxb6 18. Ra2 b5 19. Na5 Qc7 20. Bd2 Bf8 21. f3 Nc5 22. Nf5 Nfd7 23. Ne3 Nb6 24. Qf2 Ne6 25. Rc1 Bc5 26. b4 Bf8 27. c3 Red8 28. Bf1 Kh8 29. g4 Bg6 30. c4 bxc4 31. Nexc4 Nd4 32. Nxb6 Qxb6 33. Nc6 Re8 34. Ra4 Qb7 35. Nxd4 exd4 36. Rca1 d3 37. Bxd3 Rad8 38. Bxa6 Qb8+ 39. Kg1 Bd6 40. Bf1 Bg3 41. Qg2 Be5 42. Re1 Rc8 43. Be3 Rc3 44. Bc5 Qd8 45. Kh1 Qf6 46. Be3 h5 47. g5 Qd6 48. b5 h4 49. Ra6 Qb8 50. Rc6 Ra3 51. Qe2 Kh7 52. Bg2 Rd8 53. Rc5 Bh5 54. Rd5 Rc8 55. Rf1 Bg3 56. Bd4 Rb3 57. b6 Qf4 58. Rb5 Rxb5 59. Qxb5 Qd2 60. Qf5+ Bg6 61. Qxc8 Qxd4 62. b7 Qb2 63. f4 1-0

[Event "FIDE-Wch k.o."]
[Site "Tripoli"]
[Date "2004.06.22"]
[Round "2.3"]
[White "Movsesian, Sergei"]
[Black "Acs, Peter"]
[Result "1-0"]
[WhiteElo "2647"]
[BlackElo "2548"]
[PlyCount "101"]
[EventDate "2004.06.19"]
[EventType "k.o."]
[EventRounds "7"]
[EventCountry "LBY"]
[SourceTitle "CBM 102"]
[Source "ChessBase"]
[SourceDate "2004.09.23"]
[SourceVersion "1"]
[SourceVersionDate "2004.09.23"]
[SourceQuality "1"]

1. g3 d5 2. Nf3 Nf6 3. Bg2 c6 4. O-O Bg4 5. d3 e6 6. Nbd2 Nbd7 7. h3 Bh5 8. e4 Be7 9. Re1 O-O 10. e5 Ne8 11. Nf1 Nc7 12. Bf4 f6 13. exf6 Bxf6 14. d4 e5 15. dxe5 Be7 16. Bd2 Ne6 17. g4 Bg6 18. Ng3 Qb6 19. Be3 Qc7 $146 ({RR} 19... Bc5 20. b4 Qxb4 21. Rb1 Qa4 22. Rxb7 Bxe3 23. Rxe3 Ndc5 24. Rb2 Rab8 25. Qb1 Rxb2 26. Qxb2 Qxc2 27. Qxc2 Bxc2 28. Rc3 Ba4 29. Nf5 Rb8 30. N5d4 Rb1+ 31. Kh2 {½-½ (31) Maksimovic,B (2455)-Antic,D (2518) Nis 2012}) 20. Nd4 Nxd4 21. Bxd4 Nc5 22. e6 Rae8 23. b4 Ne4 24. Nxe4 dxe4 25. Bxe4 Bxb4 26. Bxg6 hxg6 27. Re4 c5 28. Bb2 Re7 29. Qd5 Rd8 30. Qg5 Rf8 31. Rd1 c4 32. Bd4 b6 33. Qxg6 Bc5 34. Qg5 Bxd4 35. Rdxd4 c3 36. Qe5 Qc8 37. f4 Qa6 38. a4 Rfe8 39. f5 b5 40. Qxb5 Qc8 41. Rc4 Qd8 42. Red4 Qa8 43. Rxc3 Rb7 44. Qc6 Qb8 45. Rcd3 Rb1+ 46. Kg2 Kh7 47. g5 Rc8 48. Rh4+ Kg8 49. e7 Rg1+ 50. Kxg1 Qb1+ 51. Kg2 1-0

[Event "FIDE-Wch k.o."]
[Site "Tripoli"]
[Date "2004.06.22"]
[Round "2.5"]
[White "Movsesian, Sergei"]
[Black "Acs, Peter"]
[Result "1-0"]
[WhiteElo "2647"]
[BlackElo "2548"]
[PlyCount "105"]
[EventDate "2004.06.19"]
[EventType "k.o."]
[EventRounds "7"]
[EventCountry "LBY"]
[SourceTitle "CBM 102"]
[Source "ChessBase"]
[SourceDate "2004.09.23"]
[SourceVersion "1"]
[SourceVersionDate "2004.09.23"]
[SourceQuality "1"]

1. g3 d5 2. Nf3 Nf6 3. Bg2 c6 4. O-O Bg4 5. d3 e6 6. Nbd2 Be7 7. h3 Bh5 8. e4 O-O 9. Re1 ({RR} 9. Qe1 a5 10. Nh2 dxe4 11. dxe4 e5 12. Nc4 Nfd7 13. a4 Na6 14. Ng4 f6 15. Nge3 Nb4 16. Bd2 b6 17. h4 Re8 18. Bxb4 Bxb4 19. c3 Bf8 20. b4 Qc7 21. Bh3 Red8 22. Qb1 Bf7 23. Rd1 Ra7 {Caruana,F (2804)-So,W (2770) Paris 2016 1-0 (41)}) ({RR} 9. Qe2 Qc7 10. Re1 dxe4 11. dxe4 Nbd7 12. e5 Nd5 13. a3 b5 14. Nf1 Bc5 15. N1h2 f6 16. exf6 Rxf6 17. Kh1 Raf8 18. Bg5 R6f7 19. Rf1 e5 20. Rae1 Qb6 21. Bh4 h6 22. g4 Nf4 23. Qd2 Bg6 {Movsesian,S (2700)-Almasi,Z (2726) Ningbo 2011 1-0 (42)}) 9... Nbd7 10. e5 $146 ({RR} 10. c3 a5 11. g4 Bg6 12. Nh4 Nc5 13. Nxg6 hxg6 14. e5 Nh7 15. Nb3 g5 16. Nxc5 Bxc5 17. d4 Be7 18. Be3 Qc7 19. Bf1 Rfc8 20. Bd3 Nf8 21. Qd2 Qd8 22. Kg2 g6 23. Rh1 Nh7 24. h4 gxh4 {Belenov,D (2275)-Melkonyan,L (2368) Voronezh 2001 1-0}) ({RR} 10. Nf1 h6 11. N1d2 Bg6 12. Qe2 Nc5 13. e5 Nh7 14. b3 Ng5 15. Nxg5 Bxg5 16. Nf3 Be7 17. a4 a5 18. Ba3 b5 19. Nd4 Qb6 20. axb5 cxb5 21. b4 Na4 22. bxa5 Qxd4 23. Bxe7 Rfc8 24. Qd2 Rc3 {Aisha Mohamed Al Muaini (1626)-Alsemairi,D (1809) Sharjah UAE 2024 0-1}) ({RR} 10. c3 Qb6 11. Nf1 dxe4 12. dxe4 Nc5 13. Qc2 a5 14. e5 Bg6 15. Qd1 Rfd8 16. Nd4 Nfd7 17. f4 Nd3 18. Re2 Nxc1 19. Qxc1 Nc5 20. Kh2 a4 21. Ne3 a3 22. b3 Nd3 23. Qf1 Nb2 24. f5 exf5 {Frank,A (2286)-Petrovic,A (2237) Chess.com INT 2022 1-0 (54)}) 10... Ne8 11. Nf1 c5 12. Bf4 b5 13. g4 Bg6 14. Qd2 c4 15. Ng3 cxd3 16. cxd3 Nc5 17. Bf1 d4 18. h4 h6 19. h5 Bh7 20. Rac1 Nc7 21. g5 Qd5 22. Bg2 Qxa2 23. Rxc5 Bxc5 24. gxh6 Nd5 25. hxg7 Rfc8 26. Bh6 Bb4 27. Qg5 Bxe1 28. Nxe1 Qb1 29. Qd2 a5 30. Kh2 a4 31. Ne4 a3 32. bxa3 Rxa3 33. Nd6 Qc1 34. Qxc1 Rxc1 35. Bxc1 Ra1 36. Bd2 Rd1 37. Ba5 b4 38. Bxd5 Rxe1 39. Bc4 Rxe5 40. Bxb4 Rxh5+ 41. Kg2 Kxg7 42. Nb5 e5 43. Nd6 Rg5+ 44. Kf1 Bg6 45. Ne8+ Kh7 46. Be7 Rf5 47. Bd5 e4 48. dxe4 Re5 49. Nf6+ Kg7 50. Bd8 d3 51. f4 d2 52. Ke2 Bxe4 53. fxe5 1-0

[Event "FIDE-Wch k.o."]
[Site "Tripoli"]
[Date "2004.06.22"]
[Round "2.7"]
[White "Radjabov, Teimour"]
[Black "Nielsen, Peter Heine"]
[Result "1-0"]
[WhiteElo "2670"]
[BlackElo "2628"]
[PlyCount "129"]
[EventDate "2004.06.19"]
[EventType "k.o."]
[EventRounds "7"]
[EventCountry "LBY"]
[SourceTitle "CBM 102"]
[Source "ChessBase"]
[SourceDate "2004.09.23"]
[SourceVersion "1"]
[SourceVersionDate "2004.09.23"]
[SourceQuality "1"]

1. Nf3 Nf6 2. b3 c5 3. Bb2 Nc6 4. g3 g6 5. Bg2 Bg7 6. O-O O-O 7. c4 d5 8. d3 e6 ({RR} 8... d4 9. Nbd2 e5 10. b4 cxb4 11. a3 Re8 12. axb4 Nxb4 13. Ba3 Nc6 14. Ng5 a5 15. Nge4 Nxe4 16. Nxe4 Be6 17. Nd6 Re7 18. Nxb7 Qc7 19. Nd6 Rd7 20. Nb5 Qc8 21. Qa4 Ra6 22. Rfb1 Ne7 23. Rb2 {Bogumil,T (2090)-Barbot,P (2426) chess.com INT 2024 0-1 (61)}) 9. Nbd2 b6 10. Rc1 Bb7 11. a3 $146 ({RR} 11. Qc2 a5 12. Rfe1 Nb4 13. Qb1 a4 14. a3 Nc6 15. Ne5 axb3 16. Nxc6 Bxc6 17. Nxb3 Ra6 18. e3 Qa8 19. d4 cxd4 20. Nxd4 Bb7 21. Nb5 Qb8 22. cxd5 Nxd5 23. Bxg7 Kxg7 24. e4 Ne7 25. Rc7 Nc6 {Petkov,A (1830)-Kopecky,J (2022) Tabor 2010 ½-½ (40)}) 11... a5 12. Rc2 d4 13. Qa1 Qc7 14. e4 e5 15. Qd1 a4 16. bxa4 Nd8 17. Bc1 Bc6 18. Qe2 Bxa4 19. Ra2 Ne6 20. h3 Rab8 21. Nh2 Nd7 22. Ng4 h5 23. Nh2 Bh6 24. h4 Nf6 25. Bh3 Bd7 26. Kg2 Qc8 27. Kh1 Ng7 28. Bg2 Bc6 29. Ndf3 Bxc1 30. Rxc1 Qc7 31. Qd2 Nh7 32. Qh6 Bd7 33. Rb2 Ra8 34. Rb3 Ra6 35. Ng5 Nxg5 36. hxg5 Be6 37. Bf3 Rfa8 38. g4 h4 39. Qxh4 Bd7 40. Kg2 Ne6 41. Rh1 Kf8 42. Qh8+ Ke7 43. Qf6+ Kd6 44. Qxf7 Rf8 45. Qxg6 Qd8 46. Nf1 Rg8 47. Qh6 Kc7 48. Ng3 Nf4+ 49. Kg1 Ba4 50. Rb1 Bd7 51. Qf6 Qxf6 52. gxf6 Rxa3 53. Rh7 Rxd3 54. Bd1 Rf8 55. Ba4 Rd8 56. Ra1 Kd6 57. Bxd7 Rxd7 58. Nf5+ Ke6 59. Rxd7 Kxd7 60. f7 Ne6 61. Ra7+ Kc6 62. Re7 Nf8 63. Re8 Ng6 64. Rg8 Rd1+ 65. Kh2 1-0

[Event "Vera m g/1h+25s"]
[Site "Vera"]
[Date "2004.07.10"]
[Round "4"]
[White "Kortschnoj, Viktor Lvovich"]
[Black "Vallejo Pons, Francisco"]
[Result "1-0"]
[WhiteElo "2568"]
[BlackElo "2679"]
[PlyCount "79"]
[EventDate "2004.07.09"]
[EventType "match"]
[EventRounds "6"]
[EventCountry "ESP"]
[SourceTitle "CBM 102"]
[Source "ChessBase"]
[SourceDate "2004.09.23"]
[SourceVersion "1"]
[SourceVersionDate "2004.09.23"]
[SourceQuality "1"]

1. Nf3 {ChessBase II} d5 2. b3 Bg4 3. e3 Nd7 4. Bb2 Ngf6 5. h3 Bxf3 6. Qxf3 c6 7. g4 ({RR} 7. Be2) 7... e5 8. g5 Ne4 9. h4 Bd6 10. Bh3 ({RR} 10. d3 Qa5+ 11. c3 Nec5 12. Qe2 Qc7 13. Qc2 O-O-O 14. Nd2 Kb8 15. O-O-O f5 16. e4 fxe4 17. dxe4 dxe4 18. Nxe4 Nxe4 19. Qxe4 Nc5 20. Qc2 e4 21. Kb1 a5 22. Be2 Rhf8 23. Rhf1 Be5 24. Ba3 Qb6 {Theodorou,N (2611)-Annaberdiev,M (2449) chess.com INT 2025 ½-½ (91)}) 10... Qe7 11. d3 Nec5 12. Nd2 a5 $146 ({RR} 12... O-O-O 13. O-O-O h6 14. Qg4 hxg5 15. hxg5 Kb8 16. Bg2 g6 ({RR} 16... Ne6) 17. Nf3 ({RR} 17. Kb1) 17... Rxh1 18. Rxh1 e4 19. Ne1 Ne5 20. Qe2 Qxg5 21. f4 exf3 22. Nxf3 Nxf3 23. Qxf3 f5 24. Kd1 Ne6 25. Rh7 Re8 26. Rf7 Qh6 ({RR} 26... Qh4) 27. Rd7 {Gulko,B (2475)-Salov,V (2525) Leningrad 1985 EXT 2010 [ChessBase II] 0-1 (43)}) ({RR} 12... O-O 13. O-O-O a5 14. e4 d4 15. Qg4 a4 16. Nc4 axb3 17. axb3 Bc7 18. g6 fxg6 19. Qg5 Rf6 20. f4 h6 21. Qg1 Rxf4 22. Qxg6 Rf6 23. Qh5 b5 24. Nd2 Ba5 25. Rdf1 Bc3 26. Nb1 b4 27. Nd2 {Barle,J (2440)-Zelcic,R (2485) Balatonbereny 1994 0-1 (34)}) 13. e4 d4 14. Nc4 Bc7 15. Ba3 Nf8 16. c3 Rd8 17. b4 axb4 18. cxb4 b5 19. Nxe5 Qxe5 20. bxc5 Ng6 21. Bf5 Nf4 22. Bc1 g6 23. Bg4 Ra8 24. Bxf4 Qxf4 25. Qxf4 Bxf4 26. Bd1 h6 27. Rg1 hxg5 28. hxg5 Ra3 29. Bb3 Rh5 30. Ke2 Bxg5 31. Rh1 Be7 32. Rxh5 gxh5 33. Rg1 Kf8 34. Rg3 Ra7 35. Rf3 Bxc5 36. Rf5 Ba3 37. Rxh5 c5 38. Rh8+ Ke7 39. Bxf7 c4 40. Bxc4 1-0

[Event "Canadian op"]
[Site "Kapuskasing"]
[Date "2004.07.18"]
[Round "10"]
[White "Arencibia Rodriguez, Walter"]
[Black "Fridman, Daniel"]
[Result "1-0"]
[WhiteElo "2531"]
[BlackElo "2594"]
[PlyCount "75"]
[EventDate "2004.07.10"]
[EventType "swiss"]
[EventRounds "10"]
[EventCountry "CAN"]
[SourceTitle "CBM 101 Extra"]
[Source "ChessBase"]
[SourceDate "2004.09.01"]
[SourceVersion "2"]
[SourceVersionDate "2004.09.01"]
[SourceQuality "1"]

1. c4 e6 2. Nf3 d5 3. g3 d4 4. Bg2 c5 5. O-O Nc6 6. d3 Nf6 7. e3 Be7 8. exd4 cxd4 9. Re1 Nd7 10. Na3 e5 11. Nc2 a5 12. Rb1 O-O 13. a3 $146 ({RR} 13. b3 f6 14. a3 Nc5 15. Rf1 Bf5 16. Nce1 Kh8 17. Nh4 Be6 18. f4 exf4 19. gxf4 g5 20. fxg5 fxg5 21. Rxf8+ Qxf8 22. Nhf3 Qg7 23. b4 axb4 24. axb4 g4 25. Nd2 Nd7 26. Qe2 Bf5 27. b5 Nce5 {Kristjansson,A (2123)-Kantorik,M (2313) Reykjavik 2018 1-0 (48)}) 13... a4 14. Bd2 Qb6 15. Nb4 Nxb4 16. axb4 Bxb4 17. Nxe5 Bxd2 18. Qxd2 Nxe5 19. Rxe5 Bd7 20. Rbe1 Bc6 21. Bd5 a3 22. b4 Ra4 23. b5 Bxd5 24. Rxd5 a2 25. Ra1 Rfa8 26. Qb2 h6 27. Kg2 Qf6 28. Rd7 b6 29. Rc7 Ra3 30. Rc8+ Rxc8 31. Qxa3 g5 32. Qxa2 Re8 33. Qd2 Qf5 34. Ra6 Re6 35. Ra8+ Kh7 36. Rd8 Rf6 37. Qe2 Re6 38. Qf3 1-0

[Event "Sanjin Hotel Cup"]
[Site "Taiyuan"]
[Date "2004.07.24"]
[Round "7"]
[White "Bu, Xiangzhi"]
[Black "Xu, Jun"]
[Result "1-0"]
[WhiteElo "2620"]
[BlackElo "2617"]
[PlyCount "93"]
[EventDate "2004.07.17"]
[EventType "tourn"]
[EventRounds "9"]
[EventCountry "CHN"]
[EventCategory "16"]
[SourceTitle "CBM 102"]
[Source "ChessBase"]
[SourceDate "2004.09.23"]
[SourceVersion "1"]
[SourceVersionDate "2004.09.23"]
[SourceQuality "1"]

1. Nf3 d5 2. g3 c6 3. Bg2 Bf5 4. O-O e6 5. d3 h6 6. Nbd2 Nf6 7. Qe1 Be7 8. e4 Bh7 9. Ne5 O-O 10. f4 dxe4 ({RR} 10... Qc7 11. Qe2 Re8 12. Kh1 Nbd7 13. Nxd7 Nxd7 14. g4 Rad8 15. Nb3 Bf8 16. g5 hxg5 17. fxg5 Bd6 18. h4 f6 19. h5 fxg5 20. Bxg5 Rc8 21. h6 Ne5 22. Bh3 dxe4 23. dxe4 Nf7 24. Bd2 Qe7 25. Qg2 {Junker,C (1995)-Poschadel,A (2107) Heusenstamm GER 2022 1-0 (37)}) 11. dxe4 Nbd7 12. Nd3 Nc5 $146 ({RR} 12... Qc7 13. Qe2 Rad8 14. Nf2 a5 15. a4 Nc5 16. Nc4 Ra8 17. Bd2 Nfd7 18. Bc3 Bf6 19. e5 Be7 20. b3 b6 21. Rfd1 Rfd8 22. Rd2 Nb8 23. Rxd8+ Bxd8 24. Rd1 Be7 25. Nd6 Nba6 26. Nb5 Qc8 27. Nd4 {Belotti,B (2405)-Malloni,M (2195) Italy 1995 0-1 (61)}) 13. Nxc5 Bxc5+ 14. Kh1 Qc7 15. a4 Rad8 16. Nb3 Be7 17. Bd2 c5 18. Bc3 c4 19. Nd2 a5 20. Qe2 Rc8 21. Rad1 Rfd8 22. f5 exf5 23. exf5 Re8 24. Qf3 b6 25. g4 Kh8 26. h3 Bg8 27. Qf4 Red8 28. Qxc7 Rxc7 29. Ne4 Nxe4 30. Bxe4 Rxd1 31. Rxd1 f6 32. Kg2 Bf7 33. Bf3 Bc5 34. Rd8+ Kh7 35. Be4 Be7 36. Rb8 Bc5 37. Rd8 Be7 38. Rb8 Bc5 39. Kf3 Rd7 40. Rc8 Bd5 41. Bxd5 Rxd5 42. Ke4 Rd7 43. Rc6 Bg1 44. Rxc4 Re7+ 45. Kf3 h5 46. gxh5 Rd7 47. h6 1-0